000 00665nam a2200241 a 4500
999 _c10498
_d10498
001 10498
003 BD-JhCC
005 20180430174458.0
008 180430s1965 xxu |||| |||| 000 0 eng d
020 _a822005875
035 _a(BD-JhCC)141098
040 _aBD-JhCC
_dBD-JhCC
041 _aeng
082 _a823.912
_bROB 1965
100 _aRoberts, James L.
245 _aHeart Of Darkness and the Secret Sharer :
_bNotes /
_cJames L. Roberts,
260 _aLincoln :
_bCliff's Notes,
_c1965
300 _a72 P. :
_c21 cm.
600 _aHeart of darkness (Conrad, Joseph)
650 _aPsychological fiction, English
942 _2ddc
_cBK